000 00501 a2200169 4500
005 20250508101313.0
020 _a0-256-26142-3
082 _a658.4 BAT
100 _aBATEMAN, T. S.
245 _aManagement Building, competitive, Advantages.
250 _a4th Ed
260 _aNew York,
_bIrwin,
_c1999.
300 _aXxiii, 679p.: ill.; figure, picture, table
_bGlossary & Index
_c28cm.
700 _aSNELL, S. A.
856 _yAccess Online Book
_fManagement
_dhttp://www.mhhe.com
942 _2ddc
_cBKS
999 _c2171
_d2171